Foreign comrades in the october revolution / (Record no. 4390)
[ view plain ]
| 000 -LEADER | |
|---|---|
| fixed length control field | 00372cam a2200145ua 4500 |
| 041 ## - LANGUAGE CODE | |
| Language code of text/sound track or separate title | eng |
| 082 ## - DEWEY DECIMAL CLASSIFICATION NUMBER | |
| Classification number | 947 |
| Item number | GET/FO |
| 100 ## - MAIN ENTRY--AUTHOR NAME | |
| Personal name | Getman, V S . |
| 245 00 - TITLE STATEMENT | |
| Title | Foreign comrades in the october revolution / |
| 260 ## - PUBLICATION, DISTRIBUTION, ETC. (IMPRINT) | |
| Place of publication | Moscow : |
| Name of publisher | Progress Publishers , |
| Year of publication | 1967. |
| 300 ## - PHYSICAL DESCRIPTION | |
| Number of Pages | 286 ; . |
| 942 ## - ADDED ENTRY ELEMENTS (KOHA) | |
| Koha item type | Books |
| Withdrawn status | Lost status | Damaged status | Home library | Current library | Date acquired | Full call number | Accession Number | Koha item type |
|---|---|---|---|---|---|---|---|---|
| Withdrawn | KAUAET | Sanskrit University | 07/04/2012 | 947 | 12031 | Books |
